| 000 | 00959nam a22002537a 4500 | ||
|---|---|---|---|
| 999 |
_c65339 _d65339 |
||
| 005 | 20240530110819.0 | ||
| 008 | 190710s2018 sy ahk g |b 000 0dara d | ||
| 020 | _a9789933380854 | ||
| 040 |
_aEG-CaGPL _cEG-CaGPL |
||
| 082 | 0 | 4 |
_221 _a726.2/ _bهـ م |
| 100 | 0 | _aهلا قصقص | |
| 245 | 1 | 0 |
_aمساجد دمشق فى العصر العثمانى : _bدراسة تاريخية وعمرانية / _cهلا قصقص |
| 250 | _aط.1 | ||
| 260 |
_aدمشق : _bدار نينوى للدراسات والنشر والتوزيع، _c2018. |
||
| 300 |
_a256 ص. : _bايض ؛ _c24 سم. |
||
| 504 | _aيشتمل على ارجاعات ببليوجرافية | ||
| 650 | 0 | 7 |
_2qrmak _aالمساجد _zدمشق |
| 650 | 0 | 7 |
_2qrmak _aالفن الاسلامى |
| 650 | 0 | 7 |
_2qrmak _aالمساجد _zدمشق _yالامبراطورية العثمانية |
| 650 | 0 | 7 | _2qrmak |
| 651 | _2qrmak | ||
| 942 |
_2ddc _cBK |
||